MARC

LEADER 00000nam a22000007a 4500
005 20201116231129.0
007 cr|||| ||||
008 201116s2020 pe |||||s|||| 00||0 spa d
020 |a 978-612-00-5515-1 
035 |a 32315 
040 |a vLex 
090 |c 10862  |d 10862 
100 1 |a Hikal Carren̤, Wael Sarwat 
245 1 0 |a I Congreso Iberoamericano de Criminologa̕, Victimologa̕, Polt̕ica Criminolg̤ica y Polt̕ica Victimolg̤ica  |h [Recurso electrn̤ico] /  |c Wael Sarwat Hikal Carren̤, Gino Ro̕s Patio, Renzo Espinoza Bonifaz, Eugenio Ral︢ Zaffaroni, Brenda Cielaika Vanegas Len̤, Juan Antonio Rodrg̕uez, Luz Marina Mňdez Navarro, Ezequiel Kostenwein, Alejandro Colanzi Zeballos, Felipe Abbott Matus, David Corrales Molina, Iratxe Herrero Zr̀ate, Antonio Silva Esquinas, Alejandro Garca̕ Lorente, Carlos Rodrg̕uez Campos, Blanca Zetina Carrillo, Silvia Sǹchez Barahona, Alexis Rodrg̕uez Ramos 
256 |a Servicio en ln̕ea 
260 |a Lima:  |b Editorial vLex,  |c 2020 
300 |a 1 recurso electrn̤ico 
506 1 |a Disponible solo en los productos indicados  |d vLex Global  |d vLex Global (Academic Edition, excluding Law Schools)  |d vLex Global (U.S. Academic Edition, Law Schools)  |d vLex Global (U.S. Academic Edition, excluding Law Schools)  |d vLex Global (Academic Edition, Law Schools) 
650 0 4 |a Derecho Penal  |z Per︢ 
700 1 |a Ro̕s Patio, Gino 
700 1 |a Espinoza Bonifaz, Renzo 
700 1 |a Zaffaroni, Eugenio Ral︢ 
700 1 |a Vanegas Len̤, Brenda Cielaika 
700 1 |a Rodrg̕uez, Juan Antonio 
700 1 |a Mňdez Navarro, Luz Marina 
700 1 |a Kostenwein, Ezequiel 
700 1 |a Colanzi Zeballos, Alejandro 
700 1 |a Abbott Matus, Felipe 
700 1 |a Corrales Molina, David 
700 1 |a Herrero Zr̀ate, Iratxe 
700 1 |a Silva Esquinas, Antonio 
700 1 |a Garca̕ Lorente, Alejandro 
700 1 |a Rodrg̕uez Campos, Carlos 
700 1 |a Zetina Carrillo, Blanca 
700 1 |a Sǹchez Barahona, Silvia 
700 1 |a Rodrg̕uez Ramos, Alexis 
740 0 |a vLex Libros (Servicio en ln̕ea) 
856 4 0 |u http://vlex.com/source/i-congreso-iberoamericano-criminologia-victimologia-politica-criminologica-politica-victimologica-32315  |z Acceso restringido 
942 |c BOOK 
999 0 |a Criminal law